Statistiken für Ballon d`Or Ranking 2018

Klicken Sie hier um das Quiz zu spielen!

Allgemein

  • Dieses Quiz wurde 51 mal gespielt
  • Das Durchschnittsergebnis liegt bei 23 aus 30

Antwortstatistiken

RangNationalitätVereinPunkteAntwort% Korrekt
2PortugalJuventus/
Real Madrid
476Cristiano Ronaldo
100%
4FrankreichParis Saint-Germain347Kylian Mbappe
100%
5ArgentinienBarcelona280Lionel Messi
100%
1KroatienReal Madrid753Luka Modric
100%
3FrankreichReal Madrid414Karim Benzema
98%
17FrankreichReal Madrid6Karim Benzema
98%
9BelgienManchester City29Kevin de Bruyne
98%
13UruguayBarcelona17Luis Suarez
98%
6ÄgyptenLiverpool188Mohamed Salah
98%
10EnglandTottenham Hotspur25Harry Kane
96%
12BrasilienParis Saint-Germain19Neymar
94%
8BelgienChelsea119Eden Hazard
91%
17WalesReal Madrid6Gareth Bale
89%
11FrankreichChelsea24N`Golo Kante
87%
22SenegalLiverpool3Sadio Mane
85%
19BrasilienLiverpool4Roberto Firmino
79%
19KroatienBarcelona4Ivan Rakitic
77%
14BelgienChelsea/ Real Madrid12Thibaut Courtois
77%
19SpanienReal Madrid4Sergio Ramos
72%
16ArgentinienManchester City7Sergio Aguero
70%
7FrankreichReal Madrid121Raphael Varane
68%
22UruguayParis Saint-Germain3Edinson Cavani
64%
15FrankreichManchester United9Paul Pogba
64%
25SlowenienAtletico Madrid2Jan Oblak
62%
29FrankreichTottenham Hotspur0Hugo Lloris
47%
22BrasilienReal Madrid3Marcelo
47%
25BrasilienAS Roma/ Liverpool2Alisson
45%
25KroatienJuventus2Mario Mandzukic
43%
28UruguayAtletico Madrid1Diego Godin
38%
29SpanienReal Madrid0Isco
21%

Verteilung der Resultate

Perzentil nach korrekt beantworteten Fragen

Anzahl Personen mit jedem Resultat

Ihre Resultats-Entwicklung

Sie haben dieses Quiz noch nicht gespielt